Dopasuj piłkarza do klubu (14.01.2020) - Statystyki

Ogólne statystyki
  • Ten quiz został rozwiązany 337 razy
  • Średni wynik to 8 z 9
Statystyki odpowiedzi
Piłkarz (footballer) Klub (club) % Poprawnych
Robert Lewandowski Bayer
99%
Sadio Mane Liverpool
97%
Cristiano Ronaldo Juventus
96%
Lucas Moura Tottenham
96%
Harry Kane Tottenham
96%
Ousmane Dembele FC Barcelona
94%
Joao Cancelo Manchester City
92%
Leroy Sane Manchester City
92%
Saul Atletico Madrit
15%
Nie znaleziono quizów pasujących do podanych kryteriów
Rozkład punktacji
Procent ludzi z każdym wynikiem
Percentyl według liczby udzielonych odpowiedzi
Twoja historia wyników
Nie rozwiązałeś tego quizu